Films avec la musique de Maurice Jarre (par image) - Statistiques

Statistiques générales
  • Ce quiz a été pris 16 fois
  • Le résultat moyen est 7 sur 16
Statistiques - réponses
Par images Réponse % Correct
Lawrence d'Arabie
100%
Le Docteur Jivago
67%
Le Jour le plus long
67%
Le Président
53%
Week-end à Zuydcoote
53%
Soleil rouge
47%
Témoin sous surveillance
47%
Firefox, l'arme absolue
40%
Pancho Villa
40%
La Route des Indes
33%
L'Étau
33%
Judex
27%
La Fille de Ryan
27%
Les Professionnels
27%
Paris brûle-t-il ?
27%
Un Roi sans divertissement
20%
Aucun quiz correspondant
Distribution des résultats
% des personnes avec chaque résultat
Percentile par nombre de réponses
Votre historique - résultats
Vous n’avez pas pris ce quiz